[Event "YUG-chT"]
[Site "Cetinje"]
[Date "1990.??.??"]
[Round "4"]
[White "Velimirovic, Dragoljub"]
[Black "Vukovic, Zdravko"]
[Result "1/2-1/2"]
[WhiteElo "2525"]
[BlackElo "2425"]
[PlyCount "88"]
[EventDate "1990.??.??"]
[EventType "team"]
[EventRounds "9"]
[EventCountry "YUG"]
[Source "ChessBase"]
[SourceDate "1996.11.15"]
[WhiteTeamCountry "YUG"]
[BlackTeamCountry "YUG"]

1. e4 c5 2. Nf3 Nc6 3. d4 cxd4 4. Nxd4 Nf6 5. Nc3 d6 6. Bc4 Qb6 7. Nb3 e6 8.
Qe2 a6 9. f4 Be7 10. Bd3 e5 11. f5 Nb4 12. Be3 Qc7 13. a3 Nxd3+ 14. Qxd3 h6 15.
O-O-O b5 16. g4 Bb7 17. Rhg1 Rc8 18. Kb1 Qc4 19. Nd2 Qxd3 20. cxd3 d5 21. d4 b4
22. axb4 Bxb4 23. dxe5 Bxc3 24. bxc3 Nxe4 25. Nxe4 dxe4 26. Bd4 e3 27. Rde1
Be4+ 28. Ka1 Rc4 29. Rxe3 Bd5 30. Kb2 O-O 31. Ra1 Rc6 32. Ra5 Rb8+ 33. Kc1 Rb5
34. Rxb5 axb5 35. Kb2 Ra6 36. Bc5 Ra2+ 37. Kc1 Bc4 38. Bd6 Re2 39. Rg3 Rxh2 40.
g5 hxg5 41. Rxg5 Rf2 42. Bc5 Rf3 43. Kb2 Rf1 44. Be7 g6 1/2-1/2

[Event "YUG-chT"]
[Site "Cetinje"]
[Date "1990.??.??"]
[Round "5"]
[White "Ilincic, Zlatko"]
[Black "Velimirovic, Dragoljub"]
[Result "0-1"]
[WhiteElo "2490"]
[BlackElo "2525"]
[PlyCount "108"]
[EventDate "1990.??.??"]
[EventType "team"]
[EventRounds "9"]
[EventCountry "YUG"]
[Source "ChessBase"]
[SourceDate "1996.11.15"]
[WhiteTeamCountry "YUG"]
[BlackTeamCountry "YUG"]

1. e4 c5 2. Nf3 Nc6 3. d4 cxd4 4. Nxd4 g6 5. c4 Bg7 6. Be3 Nf6 7. Nc3 Ng4 8.
Qxg4 Nxd4 9. Qd1 Ne6 10. Rc1 O-O 11. Bd3 d6 12. b4 a5 13. a3 axb4 14. axb4 Ra3
15. Nb5 Ra8 16. O-O Bd7 17. Nc3 Nd4 18. Bb1 e5 19. f4 Be6 20. Bd3 exf4 21. Bxf4
Qb6 22. c5 dxc5 23. Nd5 Bxd5 24. bxc5 Qb2 25. exd5 Nb3 26. Rc2 Qd4+ 27. Kh1
Qxd5 28. Bd6 Ra1 29. Qf3 Qxf3 30. gxf3 Rfa8 31. Rxa1 Rxa1+ 32. Kg2 Bf8 33. Bc4
Nxc5 34. Bxc5 Bxc5 35. Bxf7+ Kxf7 36. Rxc5 Re1 37. Rb5 Re7 38. Rb6 Ke8 39. h4
Kd8 40. h5 Kc7 41. Rb1 Re5 42. hxg6 hxg6 43. Kg3 Rf5 44. Kg4 b5 45. f4 Kb6 46.
Rb2 Rc5 47. Rb1 Rc4 48. Kf3 b4 49. Rg1 Rc6 50. Ke4 Kb5 51. Kd5 Rc4 52. Ke5 b3
53. Rxg6 b2 54. Rg8 Rb4 0-1

[Event "YUG-chT"]
[Site "Cetinje"]
[Date "1990.??.??"]
[Round "6"]
[White "Velimirovic, Dragoljub"]
[Black "Vukic, Milan"]
[Result "1-0"]
[WhiteElo "2525"]
[BlackElo "2495"]
[PlyCount "61"]
[EventDate "1990.??.??"]
[EventType "team"]
[EventRounds "9"]
[EventCountry "YUG"]
[Source "ChessBase"]
[SourceDate "1996.11.15"]
[WhiteTeamCountry "YUG"]
[BlackTeamCountry "YUG"]

1. e4 c5 2. Nf3 e6 3. d4 cxd4 4. Nxd4 Nf6 5. Nc3 Nc6 6. Ndb5 d6 7. Bf4 e5 8.
Bg5 a6 9. Bxf6 gxf6 10. Na3 b5 11. Nd5 f5 12. g4 fxg4 13. c3 Bg7 14. Be2 h5 15.
h3 gxh3 16. Nc2 Ne7 17. Nxe7 Qxe7 18. Ne3 Be6 19. Bxh5 Bh6 20. Nf5 Bxf5 21.
exf5 Qb7 22. Bf3 e4 23. Qxd6 Bd2+ 24. Qxd2 exf3 25. O-O-O Qc6 26. Kb1 Kf8 27.
Qd4 Rh7 28. Qb4+ Kg7 29. Qg4+ Kf8 30. Rhg1 Ke7 31. f6+ 1-0

[Event "YUG-chT"]
[Site "Cetinje"]
[Date "1990.??.??"]
[Round "7"]
[White "Raicevic, Vladimir"]
[Black "Velimirovic, Dragoljub"]
[Result "0-1"]
[WhiteElo "2460"]
[BlackElo "2525"]
[PlyCount "66"]
[EventDate "1990.??.??"]
[EventType "team"]
[EventRounds "9"]
[EventCountry "YUG"]
[Source "ChessBase"]
[SourceDate "1996.11.15"]
[WhiteTeamCountry "YUG"]
[BlackTeamCountry "YUG"]

1. d4 c5 2. d5 Nf6 3. c4 g6 4. Nc3 Bg7 5. e4 d6 6. Nge2 O-O 7. Ng3 e6 8. Be2
exd5 9. cxd5 b6 10. O-O Ba6 11. Re1 Bxe2 12. Qxe2 a6 13. a4 Nbd7 14. Bg5 Qc7
15. Qd2 Rfe8 16. b3 c4 17. bxc4 Qxc4 18. Rac1 Nc5 19. Nb5 Qxc1 20. Rxc1 axb5
21. axb5 Nfxe4 22. Nxe4 Nxe4 23. Qe3 h6 24. Bxh6 Nc3 25. Qxb6 Ne2+ 26. Kf1 Bxh6
27. Re1 Bd2 28. Rd1 Nc3 29. g3 Nxd1 30. Qxd6 Ra2 31. Kg2 Bc3 32. Qc6 Rxf2+ 33.
Kh3 Re5 0-1

[Event "YUG-chT"]
[Site "Cetinje"]
[Date "1990.??.??"]
[Round "8"]
[White "Velimirovic, Dragoljub"]
[Black "Maksimovic, Branimir"]
[Result "0-1"]
[WhiteElo "2525"]
[BlackElo "2365"]
[PlyCount "86"]
[EventDate "1990.??.??"]
[EventType "team"]
[EventRounds "9"]
[EventCountry "YUG"]
[Source "ChessBase"]
[SourceDate "1996.11.15"]
[WhiteTeamCountry "YUG"]
[BlackTeamCountry "YUG"]

1. e4 e6 2. d4 d5 3. Nc3 Bb4 4. e5 c5 5. a3 Bxc3+ 6. bxc3 Nc6 7. Qg4 g6 8. Nf3
Qa5 9. Bd2 Qa4 10. Ra2 c4 11. Be2 Bd7 12. O-O O-O-O 13. Qh4 h6 14. Ng5 Rf8 15.
f4 f5 16. Nf3 Nge7 17. Qe1 Nd8 18. Qa1 Rfg8 19. Rb1 Nec6 20. h4 Kb8 21. Rab2
Rh7 22. Kf2 Bc8 23. h5 Rhg7 24. Rh1 Nf7 25. hxg6 Rxg6 26. Nh4 Rg3 27. Bh5 Nfd8
28. Rh3 Rxh3 29. gxh3 Bd7 30. Nf3 Ne7 31. Qc1 Be8 32. Bxe8 Qxe8 33. Rb1 Nc8 34.
Qh1 Qa4 35. Rg1 Rxg1 36. Qxg1 Qxa3 37. Qg7 a5 38. Qxh6 Qb2 39. Qg5 a4 40. Qg1
a3 41. Qc1 Nb6 42. Be3 Na4 43. Qxb2 Nxb2 0-1

[Event "YUG-chT"]
[Site "Cetinje"]
[Date "1990.??.??"]
[Round "9"]
[White "Dizdarevic, Emir"]
[Black "Velimirovic, Dragoljub"]
[Result "1/2-1/2"]
[WhiteElo "2475"]
[BlackElo "2525"]
[PlyCount "21"]
[EventDate "1990.??.??"]
[EventType "team"]
[EventRounds "9"]
[EventCountry "YUG"]
[Source "ChessBase"]
[SourceDate "1996.11.15"]
[WhiteTeamCountry "YUG"]
[BlackTeamCountry "YUG"]

1. c4 Nf6 2. Nf3 g6 3. Nc3 Bg7 4. d4 O-O 5. g3 d6 6. Bg2 Nc6 7. O-O Bg4 8. d5
Na5 9. Qd3 c5 10. Nd2 a6 11. Rb1 1/2-1/2

[Event "YUG-ch"]
[Site "Kladovo"]
[Date "1990.??.??"]
[Round "?"]
[White "Cvetkovic, Srdjan"]
[Black "Velimirovic, Dragoljub"]
[Result "1/2-1/2"]
[WhiteElo "2435"]
[BlackElo "2525"]
[PlyCount "99"]
[EventDate "1990.02.??"]
[EventType "tourn"]
[EventRounds "15"]
[EventCountry "YUG"]
[EventCategory "9"]
[Source "ChessBase"]
[SourceDate "1990.08.01"]
[WhiteTeamCountry "YUG"]
[BlackTeamCountry "YUG"]

1. c4 c5 2. Nf3 g6 3. e4 Bg7 4. d4 d6 5. d5 Nf6 6. Nc3 O-O 7. h3 Na6 8. Bd3 Nb4
9. Be2 e6 10. a3 Na6 11. O-O Re8 12. Bd3 Nc7 13. Bg5 h6 14. Bh4 exd5 15. exd5
b5 16. cxb5 Bb7 17. Bc4 Qd7 18. Qd3 Nh5 19. Bg3 Nxg3 20. fxg3 Re7 21. Rae1 Rae8
22. Kh2 Rxe1 23. Rxe1 Rxe1 24. Nxe1 f5 25. a4 Qd8 26. Nf3 Na8 27. b3 g5 28. Ne2
Bc8 29. Qe3 Bd7 30. Qd2 Bf6 31. h4 Kg7 32. hxg5 hxg5 33. Kg1 Nc7 34. Kf2 Ne8
35. Ne1 Kg6 36. Nf3 Qe7 37. Bd3 g4 38. Nf4+ Kf7 39. Ne1 Bd4+ 40. Kf1 Be3 41.
Qe2 Qe5 42. Nh5 Bg5 43. Qf2 Nf6 44. Nxf6 Kxf6 45. Bc4 Qc3 46. Nd3 Bd2 47. Ke2
Qc2 48. Ne1 Qc3 49. Nd3 Qc2 50. Ne1 1/2-1/2

[Event "YUG-ch"]
[Site "Kladovo"]
[Date "1990.??.??"]
[Round "?"]
[White "Damljanovic, Branko"]
[Black "Velimirovic, Dragoljub"]
[Result "1-0"]
[WhiteElo "2535"]
[BlackElo "2525"]
[PlyCount "111"]
[EventDate "1990.02.??"]
[EventType "tourn"]
[EventRounds "15"]
[EventCountry "YUG"]
[EventCategory "9"]
[Source "ChessBase"]
[SourceDate "1990.08.01"]
[WhiteTeamCountry "YUG"]
[BlackTeamCountry "YUG"]

1. g3 g6 2. Bg2 Bg7 3. e4 d6 4. f4 c5 5. d3 Nc6 6. Nf3 e6 7. O-O Nge7 8. c3 d5
9. Na3 O-O 10. e5 f6 11. exf6 Bxf6 12. Qe2 Bg7 13. Bd2 Nf5 14. Rae1 Qb6 15. Bc1
Bd7 16. Nc2 Qa6 17. a3 Rae8 18. Ne3 d4 19. Nxf5 exf5 20. Qc2 h6 21. c4 Kh7 22.
h4 b5 23. b3 bxc4 24. bxc4 Rxe1 25. Rxe1 Qa5 26. Qd2 Re8 27. Rxe8 Bxe8 28. Qe2
Qd8 29. Bd2 Bd7 30. h5 Qe8 31. Qxe8 Bxe8 32. Nh4 gxh5 33. Nxf5 Bf8 34. Be4 Kg8
35. Kf2 Kf7 36. Nh4 Kf6 37. Nf3 Bd6 38. Be1 Ne7 39. Bb7 Bc6 40. Bxc6 Nxc6 41.
Nh4 Ke6 42. Kf3 Ne7 43. Ke4 Bc7 44. Bd2 Kf6 45. Bc1 Bd6 46. a4 Bb8 47. Ba3 Bd6
48. Nf3 Nf5 49. Kd5 Bb8 50. Bxc5 Nxg3 51. Bxd4+ Kf5 52. Be5 Bxe5 53. fxe5 Kg4
54. e6 Nf5 55. Ke5 Ng7 56. Ng1 1-0

[Event "YUG-ch"]
[Site "Kladovo"]
[Date "1990.??.??"]
[Round "?"]
[White "Kosic, Dragan"]
[Black "Velimirovic, Dragoljub"]
[Result "0-1"]
[WhiteElo "2415"]
[BlackElo "2525"]
[PlyCount "96"]
[EventDate "1990.02.??"]
[EventType "tourn"]
[EventRounds "15"]
[EventCountry "YUG"]
[EventCategory "9"]
[Source "ChessBase"]
[SourceDate "1990.08.01"]
[WhiteTeamCountry "YUG"]
[BlackTeamCountry "YUG"]

1. c4 Nf6 2. Nf3 g6 3. b3 Bg7 4. Bb2 O-O 5. g3 c5 6. Bg2 Nc6 7. O-O d6 8. d4
cxd4 9. Nxd4 Bd7 10. Nc3 Qb6 11. e3 Rfc8 12. Qd2 Nxd4 13. Qxd4 Bc6 14. Qxb6
axb6 15. a4 Nd7 16. Rab1 Nc5 17. Nd5 Bxd5 18. Bxd5 Bxb2 19. Rxb2 Rc7 20. Rd1
Kf8 21. Kf1 e6 22. Bf3 Ke7 23. e4 h5 24. Rd4 f5 25. Bd1 Nxe4 26. Rd3 Rd8 27.
Be2 d5 28. cxd5 Rxd5 29. Rxd5 exd5 30. Bd3 Rc3 31. Bc2 Kd6 32. b4 Ra3 33. Kg2
Rc3 34. Bb3 Ke5 35. a5 b5 36. Bd1 Nd6 37. Rd2 Rc1 38. Bf3 Ne4 39. Ra2 Rc6 40.
Ra1 Rc4 41. a6 bxa6 42. Bxe4 Kxe4 43. Rxa6 Rxb4 44. Rxg6 Rc4 45. Re6+ Kd3 46.
Re5 Rc5 47. Rxf5 b4 48. f4 b3 0-1

[Event "YUG-ch"]
[Site "Kladovo"]
[Date "1990.??.??"]
[Round "?"]
[White "Kozul, Zdenko"]
[Black "Velimirovic, Dragoljub"]
[Result "0-1"]
[WhiteElo "2575"]
[BlackElo "2525"]
[PlyCount "120"]
[EventDate "1990.02.??"]
[EventType "tourn"]
[EventRounds "15"]
[EventCountry "YUG"]
[EventCategory "9"]
[Source "ChessBase"]
[SourceDate "1990.08.01"]
[WhiteTeamCountry "YUG"]
[BlackTeamCountry "YUG"]

1. d4 Nf6 2. c4 c5 3. d5 g6 4. Nc3 Bg7 5. e4 O-O 6. Nf3 d6 7. h3 e6 8. Bd3 exd5
9. cxd5 Re8 10. O-O c4 11. Bxc4 Nxe4 12. Nxe4 Rxe4 13. Bd3 Re8 14. Bg5 Qb6 15.
Qa4 Bd7 16. Qf4 Na6 17. Bxa6 bxa6 18. Bf6 Bf5 19. Bxg7 Kxg7 20. b3 Re4 21. Qd2
Rae8 22. Rfc1 Bd7 23. Rc4 Re2 24. Qd4+ Qxd4 25. Nxd4 Rd2 26. Nf3 Rxd5 27. Rc7
Bb5 28. Rxa7 Re4 29. Rc1 Be2 30. Rc3 Rf4 31. Re3 Bxf3 32. Rxf3 Rd1+ 33. Kh2
Rxf3 34. gxf3 Rd2 35. Rxa6 Rxf2+ 36. Kg3 Rd2 37. Ra7 Kf6 38. Kf4 Ke6 39. Ra6 h6
40. Ke3 Rh2 41. Ra4 f5 42. h4 g5 43. hxg5 hxg5 44. Ra5 Kf6 45. Ra8 f4+ 46. Ke4
Re2+ 47. Kd5 Re3 48. b4 Rxf3 49. a4 Rb3 50. Kc4 Rb1 51. a5 Kg7 52. Ra7+ Kf6 53.
Ra8 Ke7 54. Kd3 Rb3+ 55. Ke2 g4 56. Rg8 g3 57. a6 f3+ 58. Kd2 f2 59. a7 Ra3 60.
Rxg3 f1=N+ 0-1

[Event "YUG-ch"]
[Site "Kladovo"]
[Date "1990.??.??"]
[Round "?"]
[White "Laketic, Gojko"]
[Black "Velimirovic, Dragoljub"]
[Result "1/2-1/2"]
[WhiteElo "2425"]
[BlackElo "2525"]
[PlyCount "89"]
[EventDate "1990.02.??"]
[EventType "tourn"]
[EventRounds "15"]
[EventCountry "YUG"]
[EventCategory "9"]
[Source "ChessBase"]
[SourceDate "1990.08.01"]
[WhiteTeamCountry "YUG"]
[BlackTeamCountry "YUG"]

1. e4 c5 2. Nf3 Nc6 3. Bb5 d6 4. O-O Bd7 5. c3 Nf6 6. Re1 e6 7. d4 cxd4 8. cxd4
d5 9. exd5 Nxd5 10. Nc3 Nxc3 11. bxc3 Be7 12. Qe2 a6 13. Bd3 O-O 14. h4 Qa5 15.
Rb1 b5 16. Bg5 Rae8 17. Bd2 Qc7 18. Ng5 Bxg5 19. hxg5 g6 20. Qf3 e5 21. Qg3 Qd6
22. Be4 Be6 23. Rbd1 Bxa2 24. dxe5 Qc7 25. Ra1 Bc4 26. Rxa6 Nxe5 27. Raa1 Qc5
28. Be3 Qc8 29. Ra8 Qg4 30. Rxe8 Rxe8 31. Qxg4 Nxg4 32. Bd4 Bd5 33. f3 Bxe4 34.
fxe4 h6 35. gxh6 Nxh6 36. Rb1 Rxe4 37. Rxb5 Kh7 38. Rb8 g5 39. Kf2 f5 40. Rb1
Kg6 41. Re1 Ng4+ 42. Kf1 Rf4+ 43. Ke2 Kf7 44. g3 Re4+ 45. Kd2 1/2-1/2

[Event "YUG-ch"]
[Site "Kladovo"]
[Date "1990.??.??"]
[Round "?"]
[White "Miljanic, Boro"]
[Black "Velimirovic, Dragoljub"]
[Result "0-1"]
[WhiteElo "2385"]
[BlackElo "2525"]
[PlyCount "60"]
[EventDate "1990.02.??"]
[EventType "tourn"]
[EventRounds "15"]
[EventCountry "YUG"]
[EventCategory "9"]
[Source "ChessBase"]
[SourceDate "1990.08.01"]
[WhiteTeamCountry "YUG"]
[BlackTeamCountry "YUG"]

1. e4 c5 2. b3 Nc6 3. Bb2 d6 4. g3 h5 5. h3 e5 6. Ne2 f5 7. Bg2 Nf6 8. d3 Be6
9. Nbc3 Qd7 10. Qd2 O-O-O 11. O-O-O g6 12. Kb1 Bh6 13. f4 d5 14. exd5 Nxd5 15.
Nxd5 Bxd5 16. Nc3 Bxg2 17. Qxg2 exf4 18. gxf4 Rhg8 19. Rhf1 Nd4 20. Rde1 Qd6
21. Re5 Rde8 22. Rd5 Qc6 23. Na4 Re2 24. Qh1 Rxc2 25. Nxc5 Rxb2+ 26. Kxb2 Bg7
27. Kb1 Nb5 28. Kc2 Re8 29. Rc1 Nc3 30. Rd4 Re2+ 0-1

[Event "YUG-ch"]
[Site "Kladovo"]
[Date "1990.??.??"]
[Round "?"]
[White "Todorovic, Goran M"]
[Black "Velimirovic, Dragoljub"]
[Result "0-1"]
[WhiteElo "2415"]
[BlackElo "2525"]
[PlyCount "70"]
[EventDate "1990.02.??"]
[EventType "tourn"]
[EventRounds "15"]
[EventCountry "YUG"]
[EventCategory "9"]
[Source "ChessBase"]
[SourceDate "1990.08.01"]
[WhiteTeamCountry "YUG"]
[BlackTeamCountry "YUG"]

1. d4 Nf6 2. Nf3 c5 3. d5 g6 4. Nc3 Bg7 5. g3 O-O 6. Bg2 d6 7. O-O Na6 8. Re1
Nc7 9. e4 Bg4 10. a4 Nd7 11. h3 Bxf3 12. Qxf3 b6 13. Qd3 a6 14. f4 Rb8 15. e5
dxe5 16. d6 exd6 17. Qxd6 Ne6 18. Bc6 Nd4 19. Qxd7 Qxd7 20. Bxd7 Rfd8 21. Bg4
Nxc2 22. Be3 f5 23. Be2 Nxe3 24. Rac1 exf4 25. gxf4 Bd4 26. Kh2 c4 27. Kg3 b5
28. Kf3 Kg7 29. axb5 axb5 30. b3 Re8 31. Kg3 b4 32. Na4 c3 33. Bf3 h5 34. Re2
Rbc8 35. Bd5 Nxd5 0-1

[Event "YUG-ch"]
[Site "Kladovo"]
[Date "1990.??.??"]
[Round "?"]
[White "Velimirovic, Dragoljub"]
[Black "Cabrilo, Goran"]
[Result "1-0"]
[WhiteElo "2525"]
[BlackElo "2480"]
[PlyCount "87"]
[EventDate "1990.02.??"]
[EventType "tourn"]
[EventRounds "15"]
[EventCountry "YUG"]
[EventCategory "9"]
[Source "ChessBase"]
[SourceDate "1990.08.01"]
[WhiteTeamCountry "YUG"]
[BlackTeamCountry "YUG"]

1. e4 c5 2. Nf3 d6 3. d4 cxd4 4. Nxd4 Nf6 5. Nc3 Nc6 6. Bc4 Qb6 7. Nb3 e6 8.
Qe2 Be7 9. f4 Qc7 10. Bd3 a6 11. Be3 b5 12. O-O-O Nb4 13. Kb1 Bd7 14. Rc1 O-O
15. g4 Rfc8 16. g5 Ne8 17. f5 Qd8 18. f6 Bf8 19. Qf2 Rab8 20. Rcf1 Nxd3 21.
cxd3 b4 22. fxg7 Nxg7 23. Qxf7+ Kh8 24. Ne2 Bb5 25. Nbc1 Rc7 26. Qf3 Kg8 27.
Rf2 Qe8 28. Rhf1 e5 29. Ng3 Rbc8 30. h4 Ne6 31. Nh5 Bg7 32. Nf6+ Bxf6 33. gxf6
Qf7 34. Bh6 Kh8 35. Rg2 Rg8 36. Rxg8+ Kxg8 37. Qf2 Qh5 38. Rg1+ Kf7 39. Rg7+
Ke8 40. Rxc7 Nxc7 41. Bd2 a5 42. a3 b3 43. a4 Ba6 44. Qa7 1-0

[Event "YUG-ch"]
[Site "Kladovo"]
[Date "1990.??.??"]
[Round "?"]
[White "Velimirovic, Dragoljub"]
[Black "Dizdar, Goran"]
[Result "0-1"]
[WhiteElo "2525"]
[BlackElo "2470"]
[PlyCount "64"]
[EventDate "1990.02.??"]
[EventType "tourn"]
[EventRounds "15"]
[EventCountry "YUG"]
[EventCategory "9"]
[Source "ChessBase"]
[SourceDate "1990.08.01"]
[WhiteTeamCountry "YUG"]
[BlackTeamCountry "YUG"]

1. e4 e6 2. d4 d5 3. Nc3 Nf6 4. Bg5 dxe4 5. Nxe4 Be7 6. Bxf6 gxf6 7. Nf3 b6 8.
Bd3 Bb7 9. Qe2 Nd7 10. O-O O-O 11. c4 c6 12. Rad1 Qc7 13. Bc2 Kh8 14. Ng3 Rfe8
15. Rfe1 Nf8 16. Qe3 Ng6 17. Nh5 Rg8 18. Qh6 Rad8 19. Be4 Rd7 20. b4 Qd8 21. c5
bxc5 22. bxc5 f5 23. Bc2 Nh4 24. Ne5 Bg5 25. Nxf7+ Rxf7 26. Qxe6 Re7 27. Qb3
Rxe1+ 28. Rxe1 Bd2 29. Qe6 Qxd4 30. Bb3 Rxg2+ 31. Kh1 Rxh2+ 32. Kxh2 Qxf2+ 0-1

[Event "YUG-ch"]
[Site "Kladovo"]
[Date "1990.??.??"]
[Round "?"]
[White "Velimirovic, Dragoljub"]
[Black "Ilincic, Zlatko"]
[Result "1/2-1/2"]
[WhiteElo "2525"]
[BlackElo "2490"]
[PlyCount "89"]
[EventDate "1990.02.??"]
[EventType "tourn"]
[EventRounds "15"]
[EventCountry "YUG"]
[EventCategory "9"]
[Source "ChessBase"]
[SourceDate "1990.08.01"]
[WhiteTeamCountry "YUG"]
[BlackTeamCountry "YUG"]

1. e4 e5 2. Nf3 Nc6 3. Bb5 a6 4. Ba4 Nf6 5. O-O Be7 6. Re1 b5 7. Bb3 d6 8. c3
O-O 9. h3 Bb7 10. d4 Re8 11. a4 h6 12. d5 Na5 13. Bc2 c6 14. dxc6 Bxc6 15. Nbd2
Bf8 16. b4 Nb7 17. Bb2 Qc7 18. Qe2 d5 19. exd5 Nxd5 20. axb5 Bxb5 21. c4 Nxb4
22. Bb1 Bc6 23. Nh4 Qd8 24. Nf5 g6 25. Ra3 Nd6 26. Nxd6 Qxd6 27. Re3 Bg7 28.
Ne4 Qc7 29. h4 f5 30. Nc5 h5 31. Rg3 Qf7 32. Rd1 Rad8 33. Rxd8 Rxd8 34. Bxe5
Bxe5 35. Qxe5 Rd1+ 36. Kh2 Rxb1 37. Ne6 Be8 38. Nf4 Nc6 39. Qe2 Qe7 40. Qxh5
Ne5 41. Nxg6 Bxg6 42. Rxg6+ Nxg6 43. Qxg6+ Qg7 44. Qe8+ Qf8 45. Qg6+ 1/2-1/2

[Event "YUG-ch"]
[Site "Kladovo"]
[Date "1990.??.??"]
[Round "?"]
[White "Velimirovic, Dragoljub"]
[Black "Ivanovic, Bozidar"]
[Result "1/2-1/2"]
[WhiteElo "2525"]
[BlackElo "2520"]
[Annotator "Schussler"]
[PlyCount "30"]
[EventDate "1990.02.??"]
[EventType "tourn"]
[EventRounds "15"]
[EventCountry "YUG"]
[EventCategory "9"]
[Source "ChessBase"]
[SourceDate "1990.08.01"]
[WhiteTeamCountry "YUG"]
[BlackTeamCountry "YUG"]

1. e4 e5 2. Nf3 Nc6 3. Bb5 a6 4. Ba4 Nf6 5. O-O Be7 6. Re1 b5 7. Bb3 O-O 8. d4
d6 9. c3 Bg4 10. a4 {Not new but rather unusual. In this game Black chooses a
very straightforward answer. Of the several possible moves Euwe`s 10. - Qd7
makes a particularly good impression. Or can White play 11. axb5 axb5 12.
Bxf7+?} Bxf3 $5 11. gxf3 Na5 12. Bc2 Nh5 13. f4 $5 Nxf4 14. Bxf4 exf4 15. Nd2
Nc4 {A possible continuation is 16. Nxc4 bxc4 17. Qe2 Qd7 18. Qxc4 Qg4+ 19.
Kh1 Qf3+ 20. Kg1 Qg4+ with a perpetual check.} 1/2-1/2

[Event "YUG-ch"]
[Site "Kladovo"]
[Date "1990.??.??"]
[Round "?"]
[White "Velimirovic, Dragoljub"]
[Black "Lazic, Miroljub"]
[Result "0-1"]
[WhiteElo "2525"]
[BlackElo "2495"]
[PlyCount "92"]
[EventDate "1990.02.??"]
[EventType "tourn"]
[EventRounds "15"]
[EventCountry "YUG"]
[EventCategory "9"]
[Source "ChessBase"]
[SourceDate "1990.08.01"]
[WhiteTeamCountry "YUG"]
[BlackTeamCountry "YUG"]

1. e4 e5 2. Nf3 Nc6 3. Bb5 Nge7 4. O-O d6 5. d4 Bd7 6. Bc4 h6 7. dxe5 dxe5 8.
Nh4 Nc8 9. Nf5 Bxf5 10. Qxd8+ Kxd8 11. exf5 Nd6 12. Rd1 Ke8 13. Bd3 Nb4 14. Nc3
Nxd3 15. Rxd3 Nxf5 16. Nb5 Rc8 17. Nxa7 Rd8 18. Nb5 c6 19. Nc3 Nd4 20. Be3 Nxc2
21. Rxd8+ Kxd8 22. Bb6+ Kc8 23. Rd1 Be7 24. Rd2 Nb4 25. a3 Na6 26. Re2 Bd6 27.
h4 f6 28. b4 Bc7 29. Be3 Rd8 30. g4 Kd7 31. Rb2 Bd6 32. Ne4 Kc8 33. h5 Bf8 34.
Rb3 Nc7 35. a4 Rd1+ 36. Kg2 Ra1 37. Bc5 Bxc5 38. bxc5 Rxa4 39. Nd6+ Kd7 40. Kg3
b5 41. Nf5 Ne6 42. Rd3+ Kc7 43. Nd6 Nxc5 44. Ne8+ Kc8 45. Rd1 b4 46. Nxg7 b3
0-1

[Event "YUG-ch"]
[Site "Kladovo"]
[Date "1990.??.??"]
[Round "?"]
[White "Velimirovic, Dragoljub"]
[Black "Nikolic, Zivoslav"]
[Result "1-0"]
[WhiteElo "2525"]
[BlackElo "2455"]
[PlyCount "143"]
[EventDate "1990.02.??"]
[EventType "tourn"]
[EventRounds "15"]
[EventCountry "YUG"]
[EventCategory "9"]
[Source "ChessBase"]
[SourceDate "1990.08.01"]
[WhiteTeamCountry "YUG"]
[BlackTeamCountry "YUG"]

1. e4 Nc6 2. Nf3 e6 3. d4 d5 4. e5 f6 5. Bb5 Nge7 6. O-O a6 7. Bd3 fxe5 8. Nxe5
Nxe5 9. dxe5 c5 10. c3 Qc7 11. Bg5 Ng6 12. f4 c4 13. Bxg6+ hxg6 14. Qc2 Qf7 15.
Nd2 Bc5+ 16. Kh1 Bd7 17. Nf3 Qf5 18. Qxf5 gxf5 19. Bh4 Be3 20. Bg3 b5 21. Rae1
Bc5 22. Bf2 Be7 23. a3 a5 24. Bd4 Kf7 25. Rg1 b4 26. axb4 axb4 27. cxb4 Bxb4
28. Ng5+ Ke7 29. Re3 Ba4 30. Re2 Be8 31. g3 Bh5 32. Rc2 Kd7 33. Rf1 Be7 34. Nf3
Rhb8 35. Kg2 Rb3 36. Bc3 Bc5 37. h3 Kc6 38. Rd2 Ra2 39. Nd4+ Bxd4 40. Bxd4 Kb5
41. Rff2 Ra1 42. Bc3 Kc5 43. Rf1 Ra2 44. Rc1 Kc6 45. Kf2 Rb8 46. Ke3 Raa8 47.
Kd4 Bf3 48. Rf2 Be4 49. Rff1 Ra2 50. Ra1 Rbxb2 51. Bxb2 Rxb2 52. Rfd1 Rb3 53.
Ra8 Rxg3 54. Rc8+ Kd7 55. Ra8 Ke7 56. Ra7+ Kf8 57. Rc1 Kg8 58. Rc3 Rg1 59. Re7
Rg6 60. h4 Kf8 61. Rd7 Rg4 62. h5 Kg8 63. h6 gxh6 64. Ra3 Rg7 65. Rd8+ Kf7 66.
Rh8 Kg6 67. Rh3 Kf7 68. R8xh6 Rg6 69. Rh8 Rg4 70. R3h7+ Rg7 71. Rh6 Rg3 72.
R8h7+ 1-0

[Event "YUG-ch"]
[Site "Kladovo"]
[Date "1990.??.??"]
[Round "?"]
[White "Vukovic, Zdravko"]
[Black "Velimirovic, Dragoljub"]
[Result "1/2-1/2"]
[WhiteElo "2425"]
[BlackElo "2525"]
[PlyCount "97"]
[EventDate "1990.02.??"]
[EventType "tourn"]
[EventRounds "15"]
[EventCountry "YUG"]
[EventCategory "9"]
[Source "ChessBase"]
[SourceDate "1990.08.01"]
[WhiteTeamCountry "YUG"]
[BlackTeamCountry "YUG"]

1. e4 c5 2. b3 Nc6 3. Bb2 e6 4. Nf3 d6 5. d4 cxd4 6. Nxd4 Nf6 7. Nxc6 bxc6 8.
e5 Ne4 9. Bd3 Qa5+ 10. Nd2 Nxd2 11. Qxd2 Qxd2+ 12. Kxd2 d5 13. c4 a5 14. Rhc1
Bd7 15. c5 Be7 16. Bd4 O-O 17. Kc3 f6 18. f4 Bc8 19. Rf1 Ba6 20. Bxa6 Rxa6 21.
exf6 gxf6 22. Rae1 Kf7 23. Rf3 Rg8 24. Rh3 Ra7 25. Rxh7+ Kg6 26. Rh3 Kf7 27.
Re2 Bf8 28. Rh7+ Bg7 29. g4 Rh8 30. Rxh8 Bxh8 31. g5 Re7 32. Kc2 Re8 33. f5
fxg5 34. Bxh8 Rxh8 35. Rxe6 Rxh2+ 36. Kd3 Rh3+ 37. Kd4 Rh4+ 38. Kd3 Rf4 39.
Rxc6 Rxf5 40. Rh6 Rf6 41. Rh2 Ke6 42. Re2+ Kd7 43. Re5 Kc6 44. Rxg5 Kxc5 45.
Rg3 Rf1 46. a3 Ra1 47. b4+ Kb5 48. Kd4 Rd1+ 49. Rd3 1/2-1/2

[Event "Novi Sad ol (Men)"]
[Site "Novi Sad"]
[Date "1990.??.??"]
[Round "1"]
[White "Velimirovic, Dragoljub"]
[Black "Ostenstad, Berge"]
[Result "0-1"]
[WhiteElo "2535"]
[BlackElo "2425"]
[PlyCount "70"]
[EventDate "1990.11.17"]
[EventType "swiss ()"]
[EventRounds "14"]
[EventCountry "YUG"]
[Source "ChessBase"]
[SourceDate "1994.03.01"]
[WhiteTeamCountry "YUG"]
[BlackTeamCountry "YUG"]

1. e4 c6 2. d4 d5 3. exd5 cxd5 4. c4 Nf6 5. Nc3 e6 6. Nf3 Bb4 7. Bd3 dxc4 8.
Bxc4 O-O 9. O-O b6 10. Bg5 Bb7 11. Ne5 Bxc3 12. bxc3 Qc7 13. Bd3 Nbd7 14. Re1
Nxe5 15. dxe5 Qc6 16. Bf1 Ne4 17. Bh4 Qxc3 18. Bd3 Nc5 19. Bc2 Qc4 20. Re3 Be4
21. Bxe4 Nxe4 22. Qg4 Nd6 23. Qh5 Nf5 24. Rh3 Rfc8 25. Rf1 h6 26. Bf6 Qf4 27.
g4 g6 28. gxf5 gxh5 29. Rg3+ Kf8 30. Rg7 Qxf5 31. h3 Rc2 32. Rg3 Rac8 33. Bg7+
Ke8 34. Bxh6 Qh7 35. Bg5 R2c3 0-1